Normal view
MARC view
- البلورة السائلة
Entry Topical Term
001 - CONTROL NUMBER
- control field: 44540
003 - CONTROL NUMBER IDENTIFIER
- control field: JO-AjAnu
005 - DATE AND TIME OF LATEST TRANSACTION
- control field: 20230606081356.0
008 - FIXED-LENGTH DATA ELEMENTS
- fixed length control field: 230606|| aca||aabn | a|a d
040 ## - CATALOGING SOURCE
- Original cataloging agency: JO-AjAnu
- Transcribing agency: JO-AjAnu
150 ## - HEADING--TOPICAL TERM
- Topical term or geographic name entry element: البلورة السائلة
670 ## - SOURCE DATA FOUND
- Source citation: Work cat.: (JO-AjAnu)22807: بسيوني، عبدالحميد, author 44539, صيانة واعطال البلورة السائلة في الحسب والتليفزيون